000 00458nam a2200157 a 4500
005 20140412111302.0
008 001116s19uu xx 00 eng d
020 _a0-7105-0750-X
050 _aER
_bLi72
245 _aThe little match girl and the old house /
_cillustrated by John Patience.
260 _aEngland :
_bPeter Haddock.
300 _a1 v. (unp.) ; ill.; col.
440 _aHans Andersen Fairy Tales
650 _aFairy tales
999 _c103460
_d103460